000 00781nam a2200253Ia 4500
003 OSt
005 20220918171855.0
006 a|||||r|||| 00| 0
007 ta
008 220917b |||||||| |||| 00| 0 eng d
020 _a9788182747524 (hbk)
_c995
024 _a280,992
037 _b854, 14/03/2014, Bright Book Service
_cTextual
040 _aARTS
_cARTS
_beng
041 _2eng
_aeng
082 _aV49D.P1, Q4
100 _aStobdan P.
_939147
245 0 _aCentral asia
_b Democracy, instability and strategic game in kyrgyzstan
260 _aNew Delhi
_bPentagon Press India
_c2014
300 _axx, 276p.
_ccm.
650 _aHISTORY
942 _hV49D.P1, Q4
_cTEXL
_2CC
999 _c141687
_d141687